000 00493nmm a2200169Ia 4500
008 251105s9999||||xx |||||||||||||||||und||
020 _a9789586489805
041 _aspa
100 _aPrieto, Jorge
245 0 _aProyectos: Enfoque gerencial (4a ed.)
264 _a[Bogotá, Colombia] :
_bEcoe Ediciones,
_c2014
300 _a260 páginas
490 _aCiencias empresariales
650 _aEconomics and Business
856 _uhttps://public.digitaliapublishing.com/a/47115
942 _cCF
999 _c95425
_d95425